Byznys plní roli státu: Alzheimer centra rostou díky soukromému kapitálu
Starnutie populácie a nesebestačnosť už dávno nie sú len budúcou hrozbou. V Česku dnes žije cez 360 tisíc ľudí závislých na starostlivosti druhých a do desiatich rokov sa ich počet môže takmer zdvojnásobiť. Zatiaľ čo štát hľadá cestu, ako preťažený systém dlhodobej starostlivosti reformovať, verejno...
Gespeichert in:
| 1. Verfasser: | |
|---|---|
| Format: | Buchkapitel |
| Sprache: | Tschechisch |
| Schlagworte: | |
| Tags: |
Keine Tags, Fügen Sie das erste Tag hinzu!
|
MARC
| LEADER | 00000naa a2200000 4500 | ||
|---|---|---|---|
| 001 | 0314624 | ||
| 005 | 20260129112626.9 | ||
| 041 | 0 | |a cze | |
| 044 | |a CZ | ||
| 245 | 1 | 0 | |a Byznys plní roli státu: Alzheimer centra rostou díky soukromému kapitálu |c Martina Sobková |
| 520 | |a Starnutie populácie a nesebestačnosť už dávno nie sú len budúcou hrozbou. V Česku dnes žije cez 360 tisíc ľudí závislých na starostlivosti druhých a do desiatich rokov sa ich počet môže takmer zdvojnásobiť. Zatiaľ čo štát hľadá cestu, ako preťažený systém dlhodobej starostlivosti reformovať, verejnosť reaguje rýchlejšie - rastie záujem o novo zavedené poistenie dlhodobej starostlivosti, ktoré si už behom niekoľkých mesiacov dohodli tisíce Čechov. Podobne pružne reaguje aj súkromný sektor, a to i v ďalších oblastiach, akými sú Alzheimer centrá. | ||
| 610 | 2 | 0 | |a zdravotníctvo |
| 610 | 2 | 0 | |a starnutie populácie |
| 610 | 2 | 0 | |a starostlivosť zdravotná |
| 610 | 2 | 0 | |a poistenie |
| 610 | 2 | 0 | |a sektor súkromný |
| 610 | 2 | 0 | |a Česko |
| 100 | 1 | |a Sobková, Martina | |